Obklopené láskou Starostlivosť o deti v ČSSR v zrkadle verejnej mienky

Bibliographic Details
Main Author: Sabršúlová, Božena (Author)
Format: Article
Language:Slovak
Subjects:

MARC

LEADER 00000nab a2200000 a 4500
001 vtls000030087
003 SK-MaSNL
005 20260304174921.0
008 111103c1979 xo 0 slo
015 |a SNBRB19rr/mm-uuuuu 
035 |a CL0040181 
040 |a SNKBUCL  |b slo  |c SNKBUCL  |e AACR2 
041 0 |a slo 
044 |a xo  |c SK 
080 |a 361/362  |2 1981 
080 |a 301.15  |2 1981 
080 |a 061.6  |2 1981 
100 1 |a Sabršúlová, Božena  |4 aut  |9 6139 
245 1 0 |a Obklopené láskou  |b Starostlivosť o deti v ČSSR v zrkadle verejnej mienky  |c Božena Sabršulová 
650 0 7 |a deti  |2 snkbucl  |9 773 
650 0 7 |a sociálna starostlivosť  |2 snkbucl  |9 3737 
650 0 7 |a Ústav pre výskum verej. mienky,Bratislava  |2 snkbucl  |9 1506770 
651 7 |a 5100  |2 snkbucl  |9 166206 
655 7 |a články z novín a časopisov  |2 snkbucl  |9 267496 
773 0 |t Pravda  |g Roč. 60, č. 129 (4. 6. 1979), s. 3 
850 |a Slovenská národná knižnica v Martine  |a MTA001 
852 |a SNK  |b KIS3GCP 
958 |a RK 
992 |a RBX 
999 |c 3011007  |d 3012937